| 000 | 00563nam a2200229Ia 4500 | ||
|---|---|---|---|
| 999 |
_c99455 _d99455 |
||
| 003 | 0100 | ||
| 005 | 20170428115754.0 | ||
| 008 | 130307s9999 xx 000 0 und d | ||
| 040 | _cARRUPELIB | ||
| 050 | _aDT450.65.R86N776 1987 | ||
| 100 |
_aGuillet, Claude _930194 |
||
| 245 | _aLegendes historiques du Burundi | ||
| 245 | _bles multiples visages du roi Ntare | ||
| 260 |
_bEditions Karthala _aParis _c1987 |
||
| 300 | _a286p. | ||
| 300 | _b24 cm. | ||
| 650 |
_aNtare Rushasti _xLegends _930195 |
||
| 650 |
_aBurundi _xHistory _930196 |
||
| 650 |
_aLegends _zBurundi _930197 |
||
| 650 |
_aRundi (African people) _xKings and rulers _xFolklore _930198 |
||
| 650 |
_bNtare Rugamda _xLegends _930199 |
||
| 700 |
_aNdayishinguje, Pascal _930200 |
||
| 942 | 0 | 0 |
_04 _2lcc _cMONOGRAPH |